000 00611nam a2200205Ia 4500
008 240729s9999 xx 000 0 und d
022 _a2459-0134
245 0 _aTurkish Journal of Kinesiology
260 _aTürkiye
260 _bTurkish Journal of Kinesiology
650 _a Internal medicine
650 _a Recreation. Leisure
650 _a Special situations and conditions
650 _a Sports | Medicine
650 _a Sports medicine
650 _aGeography. Anthropology. Recreation
856 _uhttps://doaj.org/toc/9dd88c795a364cbaa6facc8d978afbf5
942 _2ddc
942 _cDOAJEJ
999 _c73587
_d73587
945 _a1
_bMadushi Gamage
_c1
_dMadushi Gamage